Normal view
MARC view
Entry Personal Name
001 - CONTROL NUMBER
- control field: 29261
003 - CONTROL NUMBER IDENTIFIER
- control field: OSt
005 - DATE AND TIME OF LATEST TRANSACTION
- control field: 20260303125109.0
008 - FIXED-LENGTH DATA ELEMENTS
- fixed length control field: 260303|| aca||aabn | a|a d
040 ## - CATALOGING SOURCE
- Original cataloging agency: OSt
- Transcribing agency: OSt
100 ## - HEADING--PERSONAL NAME
- Personal name: নীল ডিগ্র্যাস টাইসন , গ্রেগরি মোন , আবুল বাসার (সাংবাদিক) (অনুবাদক)
670 ## - SOURCE DATA FOUND
- Source citation: Work cat.: (OSt): নীল ডিগ্র্যাস টাইসন , গ্রেগরি মোন , আবুল বাসার (সাংবাদিক) (অনুবাদক), অ্যাস্ট্রোফিজিকস : সহজ পাঠ অ্যাস্ট্রোফিজিকস ফর ইয়াং পিপল ইন আ হারি, 1st Published, 2021
